| 000 | 00837nam a22002417a 4500 | ||
|---|---|---|---|
| 999 |
_c20483 _d20483 |
||
| 003 | AR-CdUCM | ||
| 008 | 190502b ||||| |||| 00| 0 spa d | ||
| 040 |
_aMUNICIPALIDAD PROVINCIAL DEL CUSCO _cBIBLIOTECA MUNICIPAL DEL CUSCO |
||
| 082 |
_a985.009 / _bAL47 |
||
| 100 |
_aAlva Orlandini, Hernan _935590 |
||
| 110 |
_aBiblioteca Hombres del Perú _936611 |
||
| 245 | _aBernabe Cobo / | ||
| 260 |
_aLima : _bUniversitaria, _c1966. |
||
| 300 |
_a114 páginas ; _c20 cm. _bDibujos de personajes, |
||
| 440 |
_a4 _910574 |
||
| 500 | _a[libro reempastado] | ||
| 505 | _aContenido; Bernabe Cobo -- Juan del Valle Caviedes... | ||
| 650 |
_aHistoria peruana _91316 |
||
| 650 |
_aBernabe Cobo _942823 |
||
| 700 |
_aLohmann Villena, Guillermo ; Montoya Lara, Rafael (dibujo de los personajes) _942824 |
||
| 942 |
_2ddc _cLIBROS |
||
| 945 | _aAndy | ||